000 00528nam a2200205Ia 4500
003 GCL
008 140319s9999 xx 000 0 eng d
040 _aGCL /
_cGCL
082 0 4 _a640.B H
100 1 _aBLACKER, MARYANNE
245 1 0 _aTHE HOUSEHOLD MANUAL /
_cBLACKER, MARYANNE
260 _a[S.N] :
_bAUSTRALIAN CONSOLIDATED PRESS ،
_c1990
300 _a128 P
650 0 4 _aHOME ECONOMICS
650 0 4 _aFOOD
650 0 4 _aHOME ECONOMICS - HANDBOOKS
650 0 4 _aHOUSEHOLDS
650 0 4 _aCLEANING
942 _2ddc
_cBK
999 _c14155
_d14155